Competitive interactions in a rubber-based agro-ecosystem with coffee and cocoa as intercrops (Record no. 48784)

MARC details
000 -LEADER
fixed length control field 00597nam a2200193Ia 4500
100 ## - MAIN ENTRY--AUTHOR NAME
Personal name George S
245 #0 - TITLE STATEMENT
Title Competitive interactions in a rubber-based agro-ecosystem with coffee and cocoa as intercrops
260 ## - PUBLICATION, DISTRIBUTION, ETC. (IMPRINT)
Name of publisher IRRDB Natural Rubber Conference 2008, 13-15 October 2008, Kuala Lumpur, Malaysia: Abstract of papers
650 ## - SUBJECT ADDED ENTRY--TOPICAL TERM
Topical Term Cocoa
650 ## - SUBJECT ADDED ENTRY--TOPICAL TERM
Topical Term Coffee
650 ## - SUBJECT ADDED ENTRY--TOPICAL TERM
Topical Term Intercropping
650 ## - SUBJECT ADDED ENTRY--TOPICAL TERM
Topical Term Rubber-based agro-ecosystem
700 ## - ADDED ENTRY--PERSONAL NAME
Personal name Lisha C
700 ## - ADDED ENTRY--PERSONAL NAME
Personal name Meti S
700 ## - ADDED ENTRY--PERSONAL NAME
Personal name Nair A N S
700 ## - ADDED ENTRY--PERSONAL NAME
Personal name Nair N U
942 ## - ADDED ENTRY ELEMENTS (KOHA)
Koha item type Bibliography STAF
Holdings
Withdrawn status Lost status Damaged status Not for loan Home library Current library Shelving location Date acquired Koha item type
      Bibliography RRII Library RRII Library Agronomy 28/01/2009 Bibliography STAF